Best Player for NBA Finals Losers - Statistics

General Stats
  • This quiz has been taken 1,870 times
  • The average score is 49 of 67
Answer Stats
Year Team Answer % Correct
2015 Cavaliers LeBron James
100%
2014 Heat LeBron James
100%
2011 Heat LeBron James
100%
2007 Cavaliers LeBron James
100%
2016 Warriors Stephen Curry
100%
2012 Thunder Kevin Durant
98%
2008 Lakers Kobe Bryant
98%
2004 Lakers Kobe Bryant
98%
2013 Spurs Tim Duncan
98%
2006 Mavericks Dirk Nowitzki
96%
2010 Celtics Kevin Garnett
95%
1995 Magic Shaquille O'Neal
94%
1998 Jazz Karl Malone
93%
1997 Jazz Karl Malone
93%
1991 Lakers Magic Johnson
93%
1989 Lakers Magic Johnson
93%
1984 Lakers Magic Johnson
93%
1981 Rockets Moses Malone
93%
2001 76ers Allen Iverson
92%
1987 Celtics Larry Bird
92%
1985 Celtics Larry Bird
92%
1999 Knicks Patrick Ewing
91%
1994 Knicks Patrick Ewing
91%
2009 Magic Dwight Howard
90%
1988 Pistons Isiah Thomas
90%
2000 Pacers Reggie Miller
90%
2003 Nets Jason Kidd
89%
2002 Nets Jason Kidd
89%
1993 Suns Charles Barkley
88%
1983 Lakers Kareem Abdul-Jabbar
88%
1974 Bucks Kareem Abdul-Jabbar
88%
1992 Trail-Blazers Clyde Drexler
87%
1990 Trail-Blazers Clyde Drexler
87%
2005 Pistons Ben Wallace
86%
1996 SuperSonics Gary Payton
86%
1968 Lakers Jerry West
85%
1966 Lakers Jerry West
85%
1965 Lakers Jerry West
85%
1973 Lakers Wilt Chamberlain
85%
1970 Lakers Wilt Chamberlain
85%
1969 Lakers Wilt Chamberlain
85%
1964 Warriors Wilt Chamberlain
85%
1982 76ers Julius Erving
78%
1980 76ers Julius Erving
78%
1977 76ers Julius Erving
78%
1978 SuperSonics Dennis Johnson
75%
1963 Lakers Elgin Baylor
65%
1962 Lakers Elgin Baylor
65%
1959 Lakers Elgin Baylor
65%
1961 Hawks Bob Pettit
64%
1960 Hawks Bob Pettit
64%
1957 Hawks Bob Pettit
64%
1979 Bullets Wes Unseld
62%
1958 Celtics Bob Cousy
58%
1972 Knicks Willis Reed
54%
1967 Warriors Rick Barry
51%
1975 Bullets Elvin Hayes
47%
1986 Rockets Ralph Sampson
37%
1954 Nationals Dolph Schayes
19%
1950 Nationals Dolph Schayes
19%
1971 Bullets Earl Monroe
13%
1976 Suns Paul Westphal
8%
1956 Pistons George Yardley
5%
1955 Pistons George Yardley
5%
1953 Knicks Harry Gallatin
2%
1952 Knicks Max Zaslofsky
2%
1951 Knicks Vince Boryla
0%
No matching quizzes found
Score Distribution
Percent of People with Each Score
Percentile by Number Answered
Your Score History
You have not taken this quiz